00000000nam 2200000zi 4500
0019.947499
003CaOODSP
00520250130145155
006m     o  d f      
007cr bn|||||||||
008250129e197501  oncd    ob   f000 0 eng d
040 |aCaOODSP|beng|erda|cCaOODSP
043 |an-cn---
0861 |aDR52-19/10-1975E-PDF
1001 |aRadomski, M. W., |eauthor.
24510|aEffect of a local anhidrotic product on moisture accumulation and temperature of feet in the cold / |cM.W. Radomski, T. Brown.
264 1|aDownsview, Ontario : |bDefence and Civil Institute of Environmental Medicine, Biosciences Division : |bDepartment of National Defence, Canada, |cJanuary 1975.
300 |a1 online resource (i, 17 pages) : |bgraphs.
336 |atext|btxt|2rdacontent
337 |acomputer|bc|2rdamedia
338 |aonline resource|bcr|2rdacarrier
4901 |aDCIEM report ; |vno. 74-R-1068
500 |aDigitized edition from print [produced by Defence R&D Canada].
504 |aIncludes bibliographical references (page 7).
650 0|aFoot|xProtection|zArctic regions.
650 6|aPied|xProtection|zArctique.
7102 |aDefence and Civil Institute of Environmental Medicine (Canada), |eissuing body.
7101 |aCanada. |bDepartment of National Defence, |eissuing body.
830#0|aDCIEM report ;|vno. 74-R-1068.|w(CaOODSP)9.941842
85640|qPDF|s13.8 MB|uhttps://publications.gc.ca/collections/collection_2025/rddc-drdc/DR52-19-10-1975-eng.pdf